NBA Total 3PM Leaders 2021/22 - Statistics

General Stats
  • This quiz has been taken 16 times
  • The average score is 18 of 50
Answer Stats
Rank Position Total 3PM Answer % Correct
48 SG 158 Seth Curry
100%
1 PG 285 Stephen Curry
100%
9 SF 230 Jayson Tatum
79%
43 PF 161 LeBron James
79%
39 SF 166 Jaylen Brown
71%
18 PG 201 Luka Dončić
71%
25 SG 183 Devin Booker
64%
13 PG 220 LaMelo Ball
64%
32 SG 175 Tyler Herro
64%
2 SG 262 Buddy Hield
57%
8 SG 232 Duncan Robinson
57%
41 SF 162 Khris Middleton
57%
7 SG 232 Donovan Mitchell
50%
16 SG 211 Jordan Poole
50%
6 PG 233 Trae Young
50%
24 SG 185 Zach LaVine
50%
14 SG 215 Anthony Edwards
43%
26 SG 182 CJ McCollum
43%
31 PG 176 D'Angelo Russell
43%
33 PG 174 Darius Garland
43%
35 PF 172 Dorian Finney-Smith
43%
3 PG 242 Fred VanVleet
43%
30 SF-SG 177 Justin Holiday
43%
42 SG-PG 161 Tyrese Haliburton
43%
10 SG 228 Desmond Bane
36%
45 SG 159 Grayson Allen
36%
37 PG 169 Mike Conley
36%
29 SG 179 Anfernee Simons
29%
36 SG 169 Bogdan Bogdanović
29%
27 PF 181 Bojan Bogdanović
29%
40 PF 166 Cameron Johnson
29%
47 SF 159 Keldon Johnson
29%
38 SG 167 Reggie Jackson
29%
46 SG 159 Kentavious Caldwell-Pope
21%
44 SF 160 Kevin Huerter
21%
12 SG 222 Terry Rozier
21%
22 SG 190 Luke Kennard
14%
11 SG 227 Patty Mills
14%
15 SF 211 Saddiq Bey
14%
19 PG 192 Devonte' Graham
7%
17 SG 209 Gary Trent Jr.
7%
21 SG 190 Jordan Clarkson
7%
23 C-PF 187 Kevin Love
7%
5 SG 240 Malik Beasley
7%
28 SF 181 Max Strus
7%
49 SG 157 Will Barton
7%
50 SG 157 Alec Burks
0%
4 SG 241 Evan Fournier
0%
20 SF 191 Kelly Oubre Jr.
0%
34 SG 173 Malik Monk
0%
No matching quizzes found
Score Distribution
Percent of People with Each Score
Percentile by Number Answered
Your Score History
You have not taken this quiz